| 000 | 01074nam a22002537a 4500 | ||
|---|---|---|---|
| 005 | 20240530110610.0 | ||
| 008 | 161015s2015 ua a g b 000 0 ara d | ||
| 017 |
_a2015/1552 _bمصر. دار الكتب |
||
| 020 | _a9789772768288 | ||
| 040 |
_aEG-CaGPL _cEG-CaGPL |
||
| 082 | 0 | 4 |
_221 _a327.12\ _bن ب |
| 100 | 0 | _aنبيل شكرى . | |
| 245 | 1 | 0 |
_aبوكو حرام : _bالسلفية الجهادية فى افريقيا / _cنبيل شكرى ؛ تقديم ابراهيم نصرالدين . |
| 250 | _aط1. | ||
| 260 |
_aالقاهرة : _bالمكتب العربى للمعارف ، _c2015 . |
||
| 300 |
_a166 ص : _bايض ؛ _c24 سم . |
||
| 490 | 0 | _aمكتبة عبدالملك عودة الافريقية . | |
| 504 | _aيشتمل على ارجاعات ببليوجرافية | ||
| 650 | 0 | 4 |
_2qrmak _aبوكو حرام _xالجماعات الاسلامية |
| 651 | 0 | 7 |
_aنيجيريا _xالاحوال السياسية . _2qrmak |
| 700 | 0 |
_aابراهيم نصرالدين _eمقدم |
|
| 942 |
_2ddc _cBK |
||
| 999 |
_c62842 _d62842 |
||